History Quiz

Random History or Famous Quiz

War is Hell Quiz Stats

 Plays Quiz not verified by Sporcle

Also try: In Memoriam: 2009
Challenge
Share
Tweet
Score 0/20 Timer 05:00
0 Plays Today
% Correct
George Patton
95.2%
Dwight Eisenhower
88.6%
Robert E Lee
82.9%
Napoleon Bonaparte
78.1%
Charles DeGaulle
76.2%
Bernard Montgomery
74.3%
Sitting Bull
74.3%
Ulysses Grant
72.4%
Douglas MacArthur
69.5%
Erwin Rommel
66.7%
% Correct
George Washington
60%
Thomas 'Stonewall' Jackson
60%
Hideki Tojo
57.1%
Omar Bradley
49.5%
Isoroku Yamamoto
46.7%
Horatio Nelson
45.7%
Charles Cornwallis
43.8%
John 'Blackjack' Pershing
42.9%
Georgy Zhukov
38.1%
Benedict Arnold
35.2%

You're not logged in!

Compare scores with friends on all Sporcle quizzes.
OR
Log In

You Might Also Like...

Show Comments

Extras

Top Quizzes Today


Score Distribution

Your Account Isn't Verified!

In order to create a playlist on Sporcle, you need to verify the email address you used during registration. Go to your Sporcle Settings to finish the process.

Report this User

Report this user for behavior that violates our Community Guidelines.

Details: